[Event "US op"]
[Site "Philadelphia"]
[Date "1993.??.??"]
[Round "?"]
[White "Reichstein, Boris"]
[Black "Finegold, Benjamin"]
[Result "1/2-1/2"]
[WhiteElo "2265"]
[BlackElo "2490"]

1.e4 c5 2.Nf3 Nc6 3.d4 cxd4 4.Nxd4 g6 5.c4 Nf6 6.Nc3 d6 7.Be2 Nxd4 8.Qxd4 Bg7
9.Be3 O-O 10.Qd2 Be6 11.O-O Qa5 12.Rfd1 Rfc8 13.b3 a6 14.Bd4 Kf8 15.f3 Rab8
16.a4 Nd7 17.Kh1 Bxd4 18.Qxd4 Kg8 19.Rab1 Qc5 20.Qd2 Rf8 21.f4 f5 22.Bf3 Nf6
23.Re1 Rbe8 24.e5 Ng4 25.h3 Qf2 26.Qxf2 Nxf2+  1/2-1/2

[Event "World op"]
[Site "Philadelphia"]
[Date "1993.??.??"]
[Round "1"]
[White "Finegold, Benjamin"]
[Black "Seltzer, Robert"]
[Result "1-0"]
[WhiteElo "2490"]
[BlackElo "2265"]

1.d4 Nf6 2.c4 c5 3.d5 b5 4.cxb5 a6 5.f3 e6 6.e4 Nxe4 7.fxe4 Qh4+ 8.Ke2 Qxe4+
9.Kf2 Be7 10.Nf3 Bh4+ 11.g3 Bf6 12.Nc3 Bxc3 13.bxc3 Bb7 14.c4 Qg6 15.Bd3 Qf6
16.Bf4  1-0

[Event "World op"]
[Site "Philadelphia"]
[Date "1993.??.??"]
[Round "4"]
[White "Blokhuis, Edgar M"]
[Black "Finegold, Benjamin"]
[Result "0-1"]
[WhiteElo "2315"]
[BlackElo "2490"]

1.d4 Nf6 2.Bf4 c5 3.e3 Qb6 4.Na3 cxd4 5.exd4 Qxb2 6.Nb5 Na6 7.Bd3 Nd5 8.Rb1 Qxa2
9.Ra1 Qb2 10.Rb1 Qa2 11.Bd2 Ndc7 12.Ne2 Nxb5 13.Rxb5 Qe6 14.O-O Qc6 15.c4 e6
16.Ng3 b6 17.Qe2 Bb7 18.f4 Be7 19.f5 O-O-O 20.c5 Nc7 21.cxb6 Nxb5 22.Rc1 Nxd4
23.Qe5 axb6 24.Rxc6+ dxc6 25.fxe6 Nxe6 26.Qf5 Bf6 27.Be3 Rd5 28.Qe4 Re5  0-1

[Event "World op"]
[Site "Philadelphia"]
[Date "1993.??.??"]
[Round "5"]
[White "Shapiro, Daniel E"]
[Black "Finegold, Benjamin"]
[Result "0-1"]
[WhiteElo "2310"]
[BlackElo "2490"]

1.d4 Nf6 2.Nf3 c5 3.d5 e6 4.c4 exd5 5.cxd5 d6 6.Nc3 g6 7.h3 Bg7 8.e4 O-O
9.Bd3 b6 10.Qe2 Ne8 11.O-O Nc7 12.a4 Ba6 13.Nb5 Bxb5 14.axb5 Re8 15.Bg5 Qc8
16.Bf4 Nxd5 17.Bxd6 Qd8 18.e5 Nd7 19.Bc4 Nb4 20.Rfd1 h6 21.Qe4  0-1

[Event "World op"]
[Site "Philadelphia"]
[Date "1993.??.??"]
[Round "7"]
[White "Shaked, Tal"]
[Black "Finegold, Benjamin"]
[Result "1-0"]
[WhiteElo "2440"]
[BlackElo "2490"]

1.e4 e5 2.Nf3 Nc6 3.Bc4 Nf6 4.d3 Be7 5.O-O O-O 6.Re1 d6 7.a4 h6 8.c3 Nh7
9.a5 a6 10.Qb3 Kh8 11.Bxf7 Bg4 12.Nbd2 Bg5 13.Nxg5 Nxg5 14.f3 Bh3 15.Bh5 g6
16.Bg4 Bxg4 17.fxg4 Qd7 18.Qd1 Rf4 19.h3 Raf8 20.Nc4 d5 21.exd5 Qxd5 22.Bxf4 exf4
23.Rf1 Qc5+ 24.Kh2 Ne5 25.Nxe5 Qxe5 26.Qe1 Qb5 27.h4 Nh7 28.Qe4 g5 29.Qc4 Qe5
30.Rae1 Qxa5 31.Qe6 Nf6 32.Kh3 h5 33.Qe5 hxg4+ 34.Kh2 g3+ 35.Kh1 Qb6 36.hxg5 Rf7
37.g6 Rg7 38.Rxf4 Rxg6 39.Rh4+ Kg8 40.Qe6+ Qxe6 41.Rxe6 Kf7 42.Re3 Rg5 43.Rf4 Kg6
44.Re6 Rf5 45.Rxf5 Kxf5 46.Re3 b5 47.Rf3+ Ke6 48.Rxg3 c5 49.Rg5 Nd7 50.Kg1 Ne5
51.Rg3 Kf5 52.Kf2 b4 53.cxb4 cxb4 54.Ke3 a5 55.Rg8 Ke6 56.Ke4 Nd7 57.Ra8 Nc5+
58.Kd4 Kd6 59.Rd8+  1-0

[Event "USA-op"]
[Site "Chicago"]
[Date "1994.??.??"]
[Round "?"]
[White "Finegold, Benjamin"]
[Black "Shabalov, Alexander"]
[Result "1/2-1/2"]
[WhiteElo "2470"]
[BlackElo "2600"]

1.d4 e6 2.c4 f5 3.g3 Nf6 4.Bg2 c6 5.Nf3 d5 6.O-O Bd6 7.b3 Qe7 8.Ne5 O-O 9.Nd2 Nbd7
10.Bb2 a5 11.e3 a4 12.Qc2 Ne4 13.Nxe4 fxe4 14.f4 exf3 15.Nxf3 Nf6 16.Ne5 Bd7
17.Nxd7 Qxd7 18.e4 axb3 19.axb3 Rxa1 20.Bxa1 Nxe4 21.Rxf8+ Bxf8 22.Bxe4 dxe4
23.Qxe4 Be7 24.Bc3 Bf6 25.c5 h6 26.Kf2 Kf7 27.Ke2 Qd8 28.Kf3 Qa8 29.Qe2 Ke7
30.Kf2 Qe8 31.Qg4 Qa8 32.Qe2 Qa3 33.Qb2 Qa6 34.Qe2 Qa8 35.Ke1 Kd7 36.Kd1 Qe8
37.Qe4 g5 38.Qf3 Bd8 39.g4 Qg6 40.Kc1 Bc7 41.h3 Bf4+ 42.Kb2 Ke7 43.Qe2 Kd7
44.Qf3 Qf7 45.Kc2 Ke7 46.Qf1 h5 47.Qd3 hxg4 48.hxg4 Kd7 49.Qe4 Bc7 50.Bd2 Bd8
51.Qe5 Kc8 52.Qh8 Qe7 53.Ba5 Kd7 54.Bxd8 Qxd8 55.Qe5 Qg8 56.Kc3 Kc8 57.Qf6 Kb8
58.Kb4 Ka7 59.Kc3 Ka8 60.b4 Ka7 61.Qe7 Qg6 62.b5 Qb1 63.b6+ Ka6 64.Qxe6 Qc1+
65.Kd3 Qb1+ 66.Ke2 Kb5 67.Kf2 Kb4 68.Qe2 Qh1 69.Ke3  1/2-1/2

[Event "USA-op"]
[Site "Chicago"]
[Date "1994.??.??"]
[Round "?"]
[White "Finegold, Benjamin"]
[Black "Gurevich, Dmitry"]
[Result "1/2-1/2"]
[WhiteElo "2470"]
[BlackElo "2535"]

1.d4 e6 2.e4 d5 3.exd5 exd5 4.Nf3 Nf6 5.Bd3 Bd6 6.O-O O-O 7.Bg5 Bg4 8.Nbd2 Nbd7
9.c3 c6 10.Qc2 Qc7 11.Rfe1  1/2-1/2

[Event "Chicago op"]
[Site "Chicago"]
[Date "1994.??.??"]
[Round "5"]
[White "Shabalov, Alexander"]
[Black "Finegold, Benjamin"]
[Result "1/2-1/2"]
[WhiteElo "2590"]
[BlackElo "2475"]

1.e4 c5 2.Nf3 Nc6 3.d4 cxd4 4.Nxd4 Nf6 5.Nc3 d6 6.Bg5 e6 7.Qd2 Be7 8.O-O-O O-O
9.f4 Nxd4 10.Qxd4 Qa5 11.Bc4 Bd7 12.Rd3 Bc6 13.Rg3 e5 14.fxe5 Qxe5 15.Qxe5 dxe5
16.Rf1 Kh8 17.Bd5 Nxd5  1/2-1/2

[Event "Chicago op"]
[Site "Chicago"]
[Date "1994.??.??"]
[Round "7"]
[White "Finegold, Benjamin"]
[Black "De Firmian, Nick E"]
[Result "1-0"]
[WhiteElo "2475"]
[BlackElo "2580"]

1.d4 Nf6 2.c4 e6 3.Nc3 Bb4 4.Qc2 O-O 5.Nf3 b6 6.e4 Bb7 7.Bd3 Bxc3+ 8.bxc3 Ne8
9.h4 Qe7 10.e5 f5 11.exf6 gxf6 12.Bh6 Rf7 13.Rh3 Nc6 14.Kf1 Nd6 15.Re1 Ba6
16.d5 Na5 17.dxe6 dxe6 18.Nd4 e5 19.c5 Bxd3+ 20.Qxd3 bxc5 21.Nf5 Nxf5 22.Qxf5 Nc6
23.Re4 Nd8 24.Ra4 Kh8 25.Rd3 c6 26.Kg1 Ne6 27.Ra6 c4 28.Rd2 Qe8 29.Rd6 Ng7
30.Bxg7+ Kxg7 31.Raxc6 Qf8 32.h5 Rb8 33.h6+ Kh8 34.Rxf6 Rb1+ 35.Qxb1 Rxf6
36.Rxf6  1-0

[Event "USA-op"]
[Site "Chicago"]
[Date "1994.??.??"]
[Round "7"]
[White "Finegold, Benjamin"]
[Black "Morris, Matthew"]
[Result "1-0"]
[WhiteElo "2470"]
[BlackElo "2290"]

1.d4 d5 2.c4 c6 3.Nc3 Nf6 4.e3 g6 5.Nf3 Bg7 6.Qb3 O-O 7.Bd2 Qb6 8.Qa3 Qd8
9.Bd3 Nbd7 10.cxd5 Nxd5 11.e4 Nxc3 12.bxc3 c5 13.O-O Qc7 14.Rab1 b6 15.d5 c4
16.Bc2 Nc5 17.Be3 Nb7 18.Bxb6 axb6 19.Qxa8 Na5 20.d6 exd6 21.Qd5 Bxc3 22.Qb5 Bg4
23.Qxb6 Qxb6 24.Rxb6 Bxf3 25.gxf3 Be5 26.Rfb1 c3 27.Bd3  1-0

[Event "USA-op"]
[Site "Chicago"]
[Date "1994.??.??"]
[Round "8"]
[White "Finegold, Benjamin"]
[Black "Chachere, Lawrence"]
[Result "1-0"]
[WhiteElo "2470"]
[BlackElo "2285"]

1.d4 Nf6 2.c4 e6 3.Nc3 Bb4 4.Qc2 O-O 5.Nf3 c5 6.dxc5 Na6 7.g3 Nxc5 8.Bg2 Nce4
9.Bd2 Nxd2 10.Nxd2 Rb8 11.O-O b6 12.Rfd1 Bb7 13.Bxb7 Bxc3 14.Bg2 Bxd2 15.Rxd2 Qc7
16.Qa4 Rbc8 17.b3 Rfd8 18.Rad1 d6 19.Qa3 Ne8 20.Rd4 a5 21.Qb2 Qc5 22.Qd2 Rc7
23.Rg4 Qe5 24.Rg5 Qf6 25.e4 Rb8 26.Rb5 Qe7 27.e5 dxe5 28.Rxe5 Nf6 29.Rb5 Rd7
30.Qe2 Rxd1+ 31.Qxd1 Rd8 32.Qe2 Qc7 33.Bf3 Nd7 34.Kg2 Nc5 35.a3 h6 36.Qe3 Qd6
37.b4 axb4 38.axb4 Nd3 39.Rxb6 Ne1+ 40.Kh3 Qd2 41.Rb8  1-0

[Event "Michigan-ch"]
[Site "Dearborn"]
[Date "1994.??.??"]
[Round "1"]
[White "Finegold, Benjamin"]
[Black "Basin, Leonid"]
[Result "1-0"]
[WhiteElo "2475"]
[BlackElo "2420"]

1.d4 e6 2.e4 d5 3.exd5 exd5 4.Nf3 Bd6 5.c4 dxc4 6.Bxc4 Nf6 7.O-O O-O 8.Nc3 Nc6
9.h3 h6 10.Be3 Bf5 11.Nh4 Bh7 12.Qf3 Nd5 13.Nf5 Bxf5 14.Qxf5 Nce7 15.Qg4 Nf6
16.Qf3 Ng6 17.Qxb7 Rb8 18.Qf3 Rxb2 19.Bb3 Nh4 20.Qb7 Qb8 21.Qxb8 Rxb8 22.Na4 R8xb3
23.axb3 Rxb3 24.Nc5 Rb2 25.Rxa7 Nd5 26.Bc1 Rc2 27.Ne4 Bb4 28.Ba3 f5 29.Ra8+ Kh7
30.Nc5 Bc3 31.Ne6 Kg6 32.Rd8 Nf6 33.Rc1  1-0

[Event "Michigan-ch"]
[Site "Dearborn"]
[Date "1994.??.??"]
[Round "4"]
[White "Finegold, Benjamin"]
[Black "Lindsay, Fred"]
[Result "1-0"]
[WhiteElo "2475"]
[BlackElo "2320"]

1.d4 Nf6 2.c4 e6 3.Nc3 Bb4 4.Qc2 Nc6 5.Nf3 d6 6.Bg5 h6 7.Bd2 O-O 8.a3 Bxc3
9.Bxc3 Re8 10.O-O-O Qe7 11.h3 e5 12.d5 Nb8 13.g4 Nh7 14.e3 Nd7 15.h4 Nhf8
16.Be2 a5 17.g5 h5 18.Nd2 g6 19.Ne4 Nh7 20.Rdg1 Nc5 21.Nxc5 dxc5 22.Bxh5 gxh5
23.g6 Nf6 24.gxf7+ Kxf7 25.Qg6+ Kf8 26.Qh6+  1-0

[Event "Detroit Clippert op"]
[Site "Detroit"]
[Date "1994.??.??"]
[Round "?"]
[White "Bueno, Alfredo"]
[Black "Finegold, Benjamin"]
[Result "0-1"]
[WhiteElo "2265"]
[BlackElo "2475"]

1.e4 c5 2.Nf3 Nc6 3.d4 cxd4 4.Nxd4 Nf6 5.Nc3 d6 6.Bc4 Qb6 7.Nb3 e6 8.Be3 Qc7
9.Nb5 Qb8 10.f3 Be7 11.Bf4 Ne5 12.Be2 a6 13.N5d4 d5 14.Bxe5 Qxe5 15.exd5 Nxd5
16.g3 Bd7 17.Qd2 Rc8 18.f4 Qc7 19.O-O O-O 20.c3 Nb6 21.Rad1 Ba4 22.Qe3 Bf6
23.Qe4 Rfe8 24.Bd3 g6 25.Rfe1 e5 26.fxe5 Bxe5 27.Qg2 Rcd8 28.Nf3 Bg7 29.Rxe8+ Rxe8
30.Re1 Rxe1+ 31.Nxe1 Bc6 32.Qf2 Na4 33.Bf1 Qe7 34.Nd4 Bxd4 35.cxd4 Nxb2 36.Bg2 Nd1
37.Qd2 Qe3+ 38.Qxe3 Nxe3 39.Bxc6 bxc6  0-1

[Event "Detroit Wayne County op"]
[Site "Detroit"]
[Date "1994.??.??"]
[Round "2"]
[White "Finegold, Benjamin"]
[Black "Walker, Leigh"]
[Result "1-0"]
[WhiteElo "2475"]
[BlackElo "2165"]

1.d4 Nf6 2.c4 c5 3.d5 b5 4.cxb5 a6 5.f3 d6 6.e4 Nbd7 7.Na3 g6 8.Ne2 Bg7 9.Nc3 O-O
10.Be2 Ne8 11.O-O Qb6 12.Nc4 Qb8 13.Na5 Ne5 14.Nc6 Qc7 15.f4 Nxc6 16.bxc6 e6
17.Be3 Nf6 18.Bf3 Re8 19.Bf2 Rb8 20.Rc1 exd5 21.e5 dxe5 22.fxe5 Qxe5 23.Nxd5 Qxb2
24.c7 Rb5 25.Rc2 Qa3 26.Nxf6+ Bxf6 27.Bc6 Rf8 28.Bxb5 axb5 29.Bxc5 Qa4 30.Rxf6 Bg4
31.Qd8 Qa8 32.Bxf8  1-0

[Event "Detroit Motor City op"]
[Site "Detroit"]
[Date "1994.??.??"]
[Round "3"]
[White "Tsemekhman, Vadim"]
[Black "Finegold, Benjamin"]
[Result "0-1"]
[WhiteElo "2335"]
[BlackElo "2475"]

1.d4 d5 2.c4 c6 3.Nf3 Nf6 4.cxd5 cxd5 5.Nc3 Nc6 6.Bf4 a6 7.Rc1 Bf5 8.e3 Rc8
9.Be2 Qb6 10.O-O e6 11.Na4 Qa7 12.Qb3 Nd7 13.Ne5 Ndxe5 14.Bxe5 Be7 15.Nb6 Rd8
16.Bc7 O-O 17.Bxd8 Rxd8 18.Na4 e5 19.Nc5 exd4 20.Nxb7 Rc8 21.Qxd5 Be6 22.Qe4 Qxb7
23.exd4 Qd7 24.Bxa6 Rc7 25.Bb5 Bd5 26.Qe3 Bxg2 27.Kxg2 Qd5+ 28.Qf3 Qxb5 29.Rfe1 h6
30.a4 Qg5+ 31.Kh1 Qa5 32.Qe4 Bd6 33.Re3 Ne7 34.Rxc7 Qxc7 35.Rc3 Qb6 36.b3 Qa5
37.Rd3 Ng6 38.d5 Qc5 39.Re3 Qc1+ 40.Re1 Qd2 41.Rf1 Nf4 42.a5 Qxa5 43.Rd1 Qc3
44.Qe3 Qf6 45.Qe8+ Kh7 46.Qe4+ g6 47.f3 Qb2 48.Rg1 Nh3  0-1

[Event "Las Vegas op"]
[Site "Las Vegas"]
[Date "1994.??.??"]
[Round "?"]
[White "Finegold, Benjamin"]
[Black "Altounian, Levon"]
[Result "1-0"]
[WhiteElo "2475"]
[BlackElo "2310"]

1.d4 d6 2.Nf3 Nf6 3.c4 g6 4.Nc3 Bg7 5.e4 O-O 6.Be2 e5 7.O-O Nc6 8.d5 Ne7
9.Ne1 Ne8 10.Be3 f5 11.f3 c5 12.dxc6 bxc6 13.Qd2 Be6 14.Rd1 Qc7 15.b4 Rd8
16.Qc2 Nf6 17.b5 Nc8 18.bxc6 Qxc6 19.Nd5 Rd7 20.a4 a5 21.c5 Na7 22.cxd6 Qxc2
23.Nxc2 fxe4 24.Nxf6+ Rxf6 25.fxe4 Rxf1+ 26.Bxf1 Bf8 27.Bxa7 Rxa7 28.Bb5 Ra8
29.Ne3 Rd8 30.Bc4 Bf7 31.Bxf7+ Kxf7 32.Nc4 Ke6 33.Nxa5 Bxd6 34.Nb7 Bc5+ 35.Nxc5+  1-0

[Event "Las Vegas op"]
[Site "Las Vegas"]
[Date "1994.??.??"]
[Round "?"]
[White "Finegold, Benjamin"]
[Black "Lputian, Smbat G"]
[Result "1/2-1/2"]
[WhiteElo "2475"]
[BlackElo "2590"]

1.d4 d5 2.c4 e6 3.Nc3 Be7 4.Nf3 Nf6 5.Bg5 h6 6.Bxf6 Bxf6 7.e3 O-O 8.Qd2 a6
9.O-O-O dxc4 10.Bxc4 Nd7 11.h4 b5 12.Bd3 Bb7 13.Ne4 Be7 14.Bc2 c5 15.dxc5 Nxc5
16.Nxc5 Qxd2+ 17.Nxd2 Bxc5 18.Be4  1/2-1/2

[Event "Las Vegas op"]
[Site "Las Vegas"]
[Date "1994.??.??"]
[Round "?"]
[White "Browne, Walter S"]
[Black "Finegold, Benjamin"]
[Result "1-0"]
[WhiteElo "2510"]
[BlackElo "2475"]

1.d4 Nf6 2.c4 c5 3.d5 e5 4.Nc3 d6 5.e4 Be7 6.g3 Nbd7 7.h4 h5 8.Nh3 g6 9.f3 Nh7
10.Be3 a6 11.Qd2 Ndf6 12.Be2 Bd7 13.Ng5 O-O 14.O-O Nxg5 15.Bxg5 Ne8 16.Bh6 Ng7
17.f4 Bf6 18.f5 b5 19.cxb5 axb5 20.Bxb5 Bxb5 21.Nxb5 Ra4 22.Nc3 Rd4 23.Qe2 Kh7
24.Bxg7 Kxg7 25.fxg6 fxg6 26.Rf3 Kg8 27.Nb5 Ra4 28.b3 Ra8 29.Raf1 Be7 30.Rxf8+ Bxf8
31.a4 Bg7 32.Kg2 Qd7 33.Rf3 Qe7 34.Na3 Rb8 35.Nc4 g5 36.hxg5 Qxg5 37.Nxd6 c4
38.Qxc4 h4 39.Nf5 Rf8 40.Nxh4 Qd2+ 41.Kh3  1-0

[Event "New York op"]
[Site "New York"]
[Date "1994.??.??"]
[Round "2"]
[White "Finegold, Benjamin"]
[Black "Moulin, Pierre"]
[Result "1-0"]
[WhiteElo "2475"]
[BlackElo "2280"]

1.d4 Nf6 2.c4 e6 3.Nc3 Bb4 4.Qc2 c5 5.dxc5 Na6 6.a3 Bxc3+ 7.Qxc3 Nxc5 8.b4 Nce4
9.Qd4 d5 10.cxd5 exd5 11.Nf3 O-O 12.Bb2 Re8 13.e3 Bg4 14.Be2 Qd6 15.h3 Bh5
16.Rd1 Rac8 17.g4 Rc2 18.gxh5 Nxf2 19.Rg1 Nxd1 20.Qxf6 Qxf6 21.Bxf6 Nxe3
22.Rxg7+ Kf8 23.Rxh7 Ng2+ 24.Kf1 Rc1+ 25.Kf2  1-0

[Event "New York op"]
[Site "New York"]
[Date "1994.??.??"]
[Round "3"]
[White "Wolff, Patrick G"]
[Black "Finegold, Benjamin"]
[Result "1/2-1/2"]
[WhiteElo "2590"]
[BlackElo "2475"]

1.e4 c5 2.Nf3 Nc6 3.d4 cxd4 4.Nxd4 g6 5.c4 Nf6 6.Nc3 d6 7.Be2 Nxd4 8.Qxd4 Bg7
9.O-O O-O 10.Bg5 Be6 11.Qd2  1/2-1/2

[Event "New York op"]
[Site "New York"]
[Date "1994.??.??"]
[Round "4"]
[White "Finegold, Benjamin"]
[Black "Miles, Anthony J"]
[Result "1/2-1/2"]
[WhiteElo "2475"]
[BlackElo "2590"]

1.d4 Nf6 2.c4 g6 3.Nc3 Bg7 4.Nf3 O-O 5.Bf4 d6 6.e3 c5 7.Be2 Bf5 8.Nh4 Bd7
9.Nf3 Qb6 10.Qb3 Qxb3 11.axb3 Nc6 12.dxc5 dxc5 13.Ne5 Nxe5 14.Bxe5 Bc6 15.Bf3 Bxf3  1/2-1/2

[Event "New York op"]
[Site "New York"]
[Date "1994.??.??"]
[Round "6"]
[White "Finegold, Benjamin"]
[Black "Gunawan, Ruben"]
[Result "1-0"]
[WhiteElo "2475"]
[BlackElo "2315"]

1.d4 Nf6 2.c4 e6 3.Nc3 Bb4 4.Qc2 O-O 5.Nf3 b6 6.e4 Bb7 7.Bd3 h6 8.O-O Bxc3
9.bxc3 d6 10.Bd2 Nbd7 11.Rae1 e5 12.Nh4 c5 13.Nf5 cxd4 14.cxd4 exd4 15.Nxd6 Nc5
16.Nxb7 Nxb7 17.e5 Nd7 18.Be4 Ndc5 19.Bd5 Qh4 20.Qf5 Kh8 21.Bb4 Rab8 22.Rb1 Qe7
23.Be4 g6 24.Qf4 Kg7 25.Rfe1 Rfc8 26.e6 Qf6 27.Qxf6+ Kxf6 28.exf7 Kxf7 29.Bd5+ Kf6
30.Rbd1 Re8 31.Rxd4 Nd6 32.Kf1 Nf5 33.Rdd1 Rxe1+ 34.Rxe1 h5 35.g3 Kg7 36.h4 a5
37.Bc3+ Kf8 38.Rb1 Na6 39.Be5 Re8 40.Rxb6  1-0

[Event "New York op"]
[Site "New York"]
[Date "1994.??.??"]
[Round "7"]
[White "Alburt, Lev O"]
[Black "Finegold, Benjamin"]
[Result "1-0"]
[WhiteElo "2560"]
[BlackElo "2475"]

1.d4 d5 2.c4 c6 3.Nf3 Nf6 4.e3 g6 5.Nc3 Bg7 6.Be2 O-O 7.O-O dxc4 8.Bxc4 Bg4
9.h3 Bxf3 10.Qxf3 Nbd7 11.Bb3 e5 12.Rd1 Qe7 13.dxe5 Qxe5 14.e4 Rad8 15.Bf4 Qa5
16.Bd6 Rfe8 17.Qf4 Rc8 18.Qe3 Qb6 19.Qf4 Nc5 20.e5 Nxb3 21.exf6 Nxa1 22.fxg7 Qxb2
23.Be5 Re7 24.Qf6 Rxe5 25.Qxe5 Nc2 26.Rb1 Qa3 27.Ne4 Rd8 28.Nf6+ Kxg7 29.Ne8+  1-0

[Event "New York op"]
[Site "New York"]
[Date "1994.??.??"]
[Round "9"]
[White "Finegold, Benjamin"]
[Black "Hjartarson, Johann"]
[Result "0-1"]
[WhiteElo "2475"]
[BlackElo "2595"]

1.d4 Nf6 2.c4 e6 3.Nc3 Bb4 4.Qc2 O-O 5.Nf3 c5 6.dxc5 Na6 7.g3 Nxc5 8.Bg2 b6
9.O-O Bb7 10.Rd1 Rc8 11.Bf4 a5 12.Bd6 Re8 13.Ne5 Bxg2 14.Kxg2 Nb7 15.Bxb4 axb4
16.Nb5 Qe7 17.Qd3 d5 18.Rac1 Rc5 19.a4 bxa3 20.Nxa3 dxc4 21.Nexc4 Rec8 22.b4 R5c6
23.Qe3 Nd8 24.b5 Rc5 25.Qd4 e5 26.Qd6 Qb7+ 27.Kg1 Ne6 28.Na5 Qe4 29.Rxc5 Rxc5
30.Qxb6 h5 31.Qd6 h4 32.Qd3 Rd5 33.Qb1 h3 34.f3  0-1

[Event "CAN-op"]
[Site "Winnipeg"]
[Date "1994.??.??"]
[Round "2"]
[White "Finegold, Benjamin"]
[Black "Schulz, Wolfgang"]
[Result "1-0"]
[WhiteElo "2470"]
[BlackElo "2135"]

1.e4 c5 2.c3 d5 3.exd5 Qxd5 4.d4 Nc6 5.Nf3 e6 6.Be3 cxd4 7.cxd4 Nf6 8.Nc3 Bb4
9.Bd3 O-O 10.O-O Bxc3 11.bxc3 b6 12.Qe2 Bb7 13.Bg5 Ne7 14.c4 Qd6 15.Ne5 Ng6
16.Rad1 Nd7 17.Nxg6 hxg6 18.Rfe1 Rac8 19.Qg4 Rfe8 20.Re3 f5 21.Qh4 Kf7 22.Bf4 Qc6
23.Qg5 Nf8 24.Rg3 Qd7 25.Be5 Qe7 26.Qh5 Kg8 27.Qe2 Kf7 28.Re1 Nd7 29.Bf4 Qb4
30.a3 Qf8 31.Re3 Nf6 32.f3  1-0

[Event "CAN-op"]
[Site "Winnipeg"]
[Date "1994.??.??"]
[Round "3"]
[White "Brasket, Curt J"]
[Black "Finegold, Benjamin"]
[Result "0-1"]
[WhiteElo "2290"]
[BlackElo "2470"]

1.d4 d5 2.Nf3 Bf5 3.c4 e6 4.Nc3 c6 5.e3 Nf6 6.Be2 Nbd7 7.O-O Bd6 8.a3 h6
9.b4 Ne4 10.Bb2 a6 11.c5 Bc7 12.a4 Qf6 13.Qb3 Bg4 14.Rad1 Qg6 15.Nh4 Qh5
16.Bxg4 Qxh4 17.h3 h5 18.Be2 Ng5 19.f4 Nxh3+ 20.gxh3 Qg3+ 21.Kh1 Qxh3+ 22.Kg1 Qg3+
23.Kh1 Rh6 24.Bf3 Qh4+ 25.Kg1 Rg6+ 26.Bg2 Qg3 27.Rf2 Qxe3 28.Kf1 Qg3 29.Qc2 Qh4
30.Bc1 Nf6 31.f5 Rg3 32.fxe6 fxe6 33.Ne2 Rg4 34.Rd3 Ne4 35.Rff3 O-O-O 36.Bh3 Ng3+
37.Rxg3 Rxg3 38.Rxg3 Bxg3 39.Bxe6+ Kb8 40.Nxg3 Qxg3 41.Qf5 Qc3 42.Bf4+ Ka7
43.Be5 Qxb4 44.Bxg7 Qxa4 45.Qxh5 Qc4+ 46.Kf2 Qc2+ 47.Kg3 Qe4 48.Qf7 Qe3+
49.Kh2 Qd2+ 50.Kh3 Qg5 51.Bg4 Qe3+ 52.Kh4 Qe1+ 53.Kh3 Re8 54.Be5 Rxe5 55.dxe5 Qxe5
56.Bc8 Qh8+  0-1

[Event "CAN-op"]
[Site "Winnipeg"]
[Date "1994.??.??"]
[Round "8"]
[White "Dougherty, Michael"]
[Black "Finegold, Benjamin"]
[Result "0-1"]
[WhiteElo "2215"]
[BlackElo "2470"]

1.e4 c5 2.Nf3 Nc6 3.d4 cxd4 4.Nxd4 Nf6 5.Nc3 d6 6.Bc4 Qb6 7.Nxc6 bxc6 8.O-O g6
9.Bb3 Bg7 10.Be3 Qc7 11.h3 O-O 12.Qd3 a5 13.Na4 Ba6 14.c4 d5 15.exd5 cxd5
16.Nc5 Bxc4 17.Bxc4 dxc4 18.Qxc4 Rab8 19.b3 Rb4 20.Qe2 Rh4 21.Nd3 Nd5 22.Rac1 Qb8
23.Rc5 Nxe3 24.fxe3 Re4 25.Qf3 Re6 26.Nf4 Re5 27.Rxe5 Qxe5 28.Nd5 e6 29.Nb6 Qc7
30.Nc4 a4 31.Qf4 Qa7 32.b4 a3 33.Rb1 Qa4 34.Rb3 Qxb3  0-1

[Event "CAN-op"]
[Site "Winnipeg"]
[Date "1994.??.??"]
[Round "9"]
[White "Finegold, Benjamin"]
[Black "Tukmakov, Vladimir B"]
[Result "0-1"]
[WhiteElo "2470"]
[BlackElo "2565"]

1.d4 Nf6 2.c4 e6 3.Nc3 Bb4 4.Qc2 O-O 5.Nf3 d6 6.Bg5 Nbd7 7.e3 b6 8.Bd3 h6
9.Bh4 Bb7 10.O-O-O Bxc3 11.Qxc3 Rc8 12.Kb1 c5 13.d5 b5 14.dxe6 fxe6 15.cxb5 Qb6
16.Bc2 Be4 17.Bxe4 Nxe4 18.Qc4 d5 19.Rxd5 exd5 20.Qxd5+ Rf7 21.Qxe4 Qxb5
22.Rd1 c4 23.Rd5 Nc5 24.Qd4 Rb7 25.Nd2 Qa4 26.Qxc4 Qd1+ 27.Qc1  0-1

[Event "CAN-op"]
[Site "Winnipeg"]
[Date "1994.??.??"]
[Round "10"]
[White "Finegold, Benjamin"]
[Black "Hergott, Deen"]
[Result "1/2-1/2"]
[WhiteElo "2475"]
[BlackElo "2430"]

1.d4 g6 2.e4 Bg7 3.c4 d6 4.Nc3 Nf6 5.Be2 O-O 6.Nf3 e5 7.O-O exd4 8.Nxd4 Re8
9.f3 c6 10.Bg5 Qb6 11.Be3 Qxb2 12.Rc1 Qb4 13.Nb3 Nbd7 14.a3 Qxa3 15.Nb5 cxb5
16.Ra1 Qxa1 17.Nxa1 Nb6 18.cxb5 d5 19.Bd4 dxe4 20.fxe4 Rd8 21.e5 Nfd5 22.Qe1 Be6
23.Qf2 Nd7 24.Qg3 Rac8 25.Nb3 b6 26.Ba1 Ne7 27.Bg4 Bxg4 28.Qxg4 Nxe5 29.Qf4 Rc4
30.Qf2 Nf5 31.Qe2 Re8 32.Rd1 Rcc8 33.Qe4 Re7 34.Rf1 Nc4 35.Qf4 Nce3 36.Rb1 Bxa1
37.Nxa1 Rd8 38.Nb3 Red7 39.Kf2 h5 40.h3 h4 41.Re1 Rd3 42.Nc1 Rd2+ 43.Re2 Rxe2+
44.Nxe2 Rd5 45.Qb8+ Kg7 46.Qxa7 Rxb5 47.Qa1+ Kg8 48.Qa8+ Kg7 49.Qa1+ Kh7
50.Qa7 Kg7  1/2-1/2

[Event "National op"]
[Site "Las Vegas"]
[Date "1995.??.??"]
[Round "4"]
[White "Akopian, Artak"]
[Black "Finegold, Benjamin"]
[Result "0-1"]
[WhiteElo "2110"]
[BlackElo "2495"]

1.e4 c5 2.Nf3 Nc6 3.d4 cxd4 4.Nxd4 Nf6 5.Nc3 d6 6.Be2 e5 7.Nb3 Be7 8.O-O O-O
9.Be3 a5 10.f3 a4 11.Nd2 a3 12.b3 Nb4 13.Nc4 d5 14.Bb6 Qd7 15.Nxe5 Qd6 16.Bd4 dxe4
17.Nb5 Qb8 18.f4 Rd8 19.Qc1 Bd7 20.c3 Nc6 21.Bb6 Nxe5 22.fxe5 Qxe5 23.Bxd8 Rxd8
24.Nd4 Bd6 25.g3 Bh3 26.Rf4 Nd5 27.Rh4 Nxc3 28.Qxc3 Bc5 29.Kh1 Bxd4 30.Rd1 g5
31.Rxh3 Bxc3 32.Rxd8+ Kg7 33.g4 Qf6 34.Rd7 Qc6 35.Rd1 Be5 36.Bc4 b5 37.Bd5 Qc2
38.Rf1 Bf4 39.b4 e3 40.Bf3 Qd2  0-1

[Event "Las Vegas op"]
[Site "Las Vegas"]
[Date "1995.??.??"]
[Round "5"]
[White "Finegold, Benjamin"]
[Black "Shaked, Tal"]
[Result "0-1"]
[WhiteElo "2495"]
[BlackElo "2385"]

1.d4 Nf6 2.Nc3 d5 3.Bg5 Nbd7 4.e3 e6 5.Nf3 Be7 6.Bd3 c5 7.O-O O-O 8.Re1 b6
9.Ne5 Nxe5 10.dxe5 Nd7 11.Bf4 f6 12.exf6 Nxf6 13.e4 c4 14.exd5 cxd3 15.dxe6 Nd5
16.Be5 Nxc3 17.Bxc3 Bc5 18.Qg4 Qe7 19.Re5 h6 20.cxd3 Bxf2+ 21.Kh1 Bc5 22.Rae1 Bb7
23.R5e2 Rf2 24.Rxf2 Bxf2 25.Rf1 Rf8 26.h3 Bc5 27.Rxf8+ Qxf8 28.Kh2 g5 29.b4 Bd6+
30.Kg1 Qf4 31.e7 Qe3+ 32.Kf1 Qxe7 33.Qd4 Kf7 34.Qh8 Ke6 35.Qxh6+ Kd7 36.Bf6 Qe3
37.Qg6 Qc1+ 38.Ke2 Qc2+ 39.Ke3 Bf4+ 40.Kd4 Qb2+ 41.Kc4 Qxa2+ 42.Kc3 Qa1+
43.Kc2 Qc1+ 44.Kb3 Bd5+ 45.Ka4 Qc2+  0-1

[Event "World op"]
[Site "Philadelphia"]
[Date "1999.07.04"]
[Round "6"]
[White "Sharafuddin, Khalle"]
[Black "Finegold, Benjamin"]
[Result "0-1"]
[WhiteElo "2253"]
[BlackElo "2500"]

1.d4 d5 2.c4 Nc6 3.Nf3 Bg4 4.Nc3 Bxf3 5.gxf3 e6 6.Bf4 dxc4 7.e3 Bd6 8.Bg3 Nf6
9.Bxc4 O-O 10.f4 Be7 11.Qe2 a6 12.Rd1 Qc8 13.Bh4 b5 14.Bb3 Na5 15.Bc2 Re8
16.Bxf6 Bxf6 17.Ne4 Be7 18.Qh5 f5 19.Rg1 Rf8 20.Ke2 Rf7 21.Rg3 g6 22.Nc5 Bxc5
23.dxc5 Qf8 24.Qf3 Rd8 25.b4 Rxd1 26.Bxd1 Nc4 27.Bb3 Qd8 28.Qc6 Qd2+ 29.Kf3 Re7
30.h4 Qxb4 31.Bxc4 Qxc4 32.h5 Kg7 33.Qxa6 Qd5+ 34.Ke2 Qc4+ 35.Kf3 Qd5+ 36.Ke2 Qxc5
37.Qc8 Qc4+ 38.Ke1 Qc1+ 39.Ke2 Qc4+ 40.Ke1 Qc1+ 41.Ke2 Qc2+ 42.Ke1 Qc6 43.h6+ Kf7
44.Qh8 Qh1+ 45.Ke2 Qxh6 46.Kf1 Qh1+ 47.Rg1 Qh3+ 48.Ke2 Rd7 49.Rc1 Qh5+  0-1

[Event "World op"]
[Site "Philadelphia"]
[Date "1999.07.04"]
[Round "7"]
[White "Finegold, Benjamin"]
[Black "Blanco, Cristobal J"]
[Result "1-0"]
[WhiteElo "2500"]
[BlackElo "2172"]

1.d4 d5 2.c4 c6 3.Nf3 Nf6 4.Qc2 e6 5.Bg5 Be7 6.e3 Nbd7 7.Nc3 O-O 8.Rd1 Qa5
9.a3 dxc4 10.Bxc4 Nb6 11.Ba2 Nbd5 12.Bb1 g6 13.h4 Nxc3 14.bxc3 Qf5 15.e4 Qg4
16.Kf1 Qh5 17.Ne5 Re8 18.Qc1 Ng4 19.Nxg4 Qxg4 20.f3 Qh5 21.Bxe7 Rxe7 22.e5 Kg7
23.g4 Qh6 24.g5 Qh5 25.Qf4 Kg8 26.Bd3 b6 27.Be2 a5 28.Qf6 Rd7 29.Kf2 Ba6
30.c4 h6 31.f4 Qxe2+ 32.Kxe2 Bxc4+ 33.Ke3 h5 34.f5 Kh7 35.d5 cxd5 36.fxg6+ fxg6
37.Rd4 Re8 38.Qf2 Ree7 39.Rf4 Rg7 40.Kd4 Rc7 41.Rc1 Bb5  1-0

[Event "USA-ch G2"]
[Site "Salt Lake City"]
[Date "1999.08.25"]
[Round "3"]
[White "Finegold, Benjamin"]
[Black "Benjamin, Joel"]
[Result "0-1"]
[WhiteElo "2500"]
[BlackElo "2579"]

1.d4 d6 2.Nf3 Bg4 3.e4 Nf6 4.h3 Bh5 5.Nc3 e6 6.Bd3 d5 7.Bg5 dxe4 8.Nxe4 Nbd7
9.c3 c6 10.Qe2 Qc7 11.O-O Nxe4 12.Qxe4 Nf6 13.Bxf6 gxf6 14.a4 Bg6 15.Qe2 Be7
16.Nd2 Qf4 17.g3 Qc7 18.Kg2 Rd8 19.Nf3 Kf8 20.Qe3 Kg7 21.h4 c5 22.Rh1 Bh5
23.Be2 Rd5 24.Rhg1 cxd4 25.Nxd4 Re5 26.Qf4 Bxe2 27.Nxe2 Qc6+ 28.Kh3 Re4 29.Qf3 Rd8
30.Nf4 f5 31.g4 Kh8 32.gxf5 exf5 33.Qg3 Qh6 34.Rae1 Bd6 35.Rxe4 fxe4 36.Rd1 Rg8  0-1